[Event "XIV Torneio Int. da Figueira da Foz"]
[Site "Figueira da Foz POR"]
[Date "2020.10.25"]
[Round "2.7"]
[White "Dias, Paulo"]
[Black "Santos, António P"]
[Result "1-0"]
[WhiteElo "2338"]
[BlackElo "2123"]
[WhiteFideId "1900803"]
[BlackFideId "1900161"]
[WhiteTitle "IM"]
[BlackTitle "FM"]
[WhiteCountry "POR"]
[BlackCountry "POR"]
[PlyCount "81"]

1. d4 Nf6 2. c4 g6 3. g3 Bg7 4. Bg2 O-O 5. Nc3 c5 6. Nf3 cxd4 7. Nxd4 Nc6 8. O-O
Nxd4 9. Qxd4 d6 10. Qd3 a6 11. Bd2 Rb8 12. Rac1 b5 13. cxb5 axb5 14. Nxb5 Bf5
15. e4 Nxe4 16. Bxe4 Bxe4 17. Qxe4 Rxb5 18. b4 Qa8 19. Qxa8 Rxa8 20. a4 Rd5 21.
Rc2 f5 22. a5 Kf7 23. Rb1 Rb5 24. Rbc1 Bd4 25. Rc8 Ra6 26. R1c7 Ke6 27. Kf1 Bf6
28. Ke2 Kd5 29. f4 Ke4 30. Rc4+ Kd5 31. Kd3 e5 32. fxe5 dxe5 33. R4c5+ Rxc5 34.
Rxc5+ Kd6 35. Kc4 Rc6 36. Rxc6+ Kxc6 37. b5+ Kc7 38. a6 Be7 39. Kd5 e4 40. Bf4+
Kc8 41. b6 1-0

[Event "XIV Torneio Int. da Figueira da Foz"]
[Site "Figueira da Foz POR"]
[Date "2020.10.25"]
[Round "2.8"]
[White "Pintor, Simão"]
[Black "Antolak, Julia"]
[Result "1-0"]
[WhiteElo "2115"]
[BlackElo "2313"]
[WhiteFideId "1904787"]
[BlackFideId "1159569"]
[BlackTitle "WIM"]
[WhiteCountry "POR"]
[BlackCountry "POL"]
[PlyCount "71"]

1. Nf3 Nf6 2. g3 g6 3. b3 Bg7 4. Bb2 d6 5. d4 O-O 6. Bg2 c6 7. O-O Qa5 8. Nbd2
Qh5 9. Re1 Bg4 10. e4 Nbd7 11. e5 dxe5 12. dxe5 Nd5 13. a3 Rad8 14. Qe2 Nc7 15.
Nc4 Ne6 16. Qe3 Bh6 17. Qc3 Nb6 18. Nxb6 axb6 19. Rad1 Ng5 20. e6 f6 21. Rxd8
Nxf3+ 22. Bxf3 Rxd8 23. Bxg4 Qxg4 24. h3 Qf5 25. Qb4 Rd2 26. Bd4 c5 27. Qa4 cxd4
28. Qe8+ Kg7 29. Qxe7+ Kh8 30. Qe8+ Kg7 31. Qf7+ Kh8 32. Rf1 Re2 33. Qe8+ Kg7
34. e7 Rxe7 35. Qxe7+ Kg8 36. Qd8+ 1-0

[Event "XIV Torneio Int. da Figueira da Foz"]
[Site "Figueira da Foz POR"]
[Date "2020.10.25"]
[Round "2.11"]
[White "Torres Dominguez, David"]
[Black "Pipiras, Filipa"]
[Result "1/2-1/2"]
[WhiteElo "2029"]
[BlackElo "1912"]
[WhiteFideId "2220857"]
[BlackFideId "1944894"]
[WhiteCountry "ESP"]
[BlackCountry "POR"]
[PlyCount "53"]

1. e4 c5 2. Nf3 e6 3. d4 cxd4 4. Nxd4 Nf6 5. Nc3 Nc6 6. Nxc6 bxc6 7. Bd3 d5 8.
O-O Be7 9. Re1 d4 10. Nb1 e5 11. Nd2 O-O 12. Nc4 Qc7 13. Bg5 Ne8 14. Bd2 Be6 15.
Qe2 f6 16. Rad1 Nd6 17. f4 Nxc4 18. Bxc4 Bf7 19. Bxf7+ Rxf7 20. fxe5 fxe5 21.
Qc4 Bf6 22. b3 Re8 23. Rf1 Qd7 24. Rf5 Qe6 25. Qa6 c5 26. Qb5 Rc8 27. c4 1/2-1/2

[Event "XIV Torneio Int. da Figueira da Foz"]
[Site "Figueira da Foz POR"]
[Date "2020.10.25"]
[Round "2.12"]
[White "Alshameary Puente, Ismael"]
[Black "Löffner, Stefan"]
[Result "0-1"]
[WhiteElo "2373"]
[BlackElo "2352"]
[WhiteFideId "2225166"]
[BlackFideId "4603257"]
[WhiteTitle "IM"]
[BlackTitle "IM"]
[WhiteCountry "ESP"]
[BlackCountry "GER"]
[PlyCount "56"]

1. d4 d5 2. c4 e6 3. Nc3 Bb4 4. e3 c5 5. a3 Bxc3+ 6. bxc3 Nf6 7. cxd5 Qxd5 8.
Nf3 Nbd7 9. c4 Qd6 10. Bb2 b6 11. Bd3 Bb7 12. O-O Rd8 13. d5 exd5 14. cxd5 Qxd5
15. e4 Qc6 16. e5 Ne4 17. Qc1 Nf8 18. Qe3 Ne6 19. Rfe1 Rxd3 20. Qxd3 Nf4 21. Qc4
Qg6 22. g3 Nh3+ 23. Kf1 Nhg5 24. Qa4+ Bc6 25. Qxa7 Nxf3 26. Qb8+ Kd7 27. Qa7+
Kc8 28. Red1 Ned2+ 0-1

[Event "XIV Torneio Int. da Figueira da Foz"]
[Site "Figueira da Foz POR"]
[Date "2020.10.25"]
[Round "2.13"]
[White "Fernandes, João Pedro"]
[Black "Dias, José"]
[Result "1-0"]
[WhiteElo "2084"]
[BlackElo "1589"]
[WhiteFideId "1926624"]
[BlackFideId "1923943"]
[WhiteCountry "POR"]
[BlackCountry "POR"]
[PlyCount "49"]

1. e4 d5 2. exd5 Qxd5 3. Nc3 Qd6 4. d4 Nf6 5. Nf3 g6 6. Bc4 Bg7 7. h3 a6 8. O-O
O-O 9. Re1 b5 10. Bb3 Bb7 11. Ne5 e6 12. Bf4 Qb6 13. Nxf7 Kxf7 14. Rxe6 Qxe6 15.
Bxe6+ Kxe6 16. Qd3 Kd7 17. Qg3 Rc8 18. d5 Kd8 19. Re1 Nbd7 20. Qe3 Bf8 21. Bg5
c6 22. Ne4 Be7 23. Nxf6 Bxf6 24. d6 Ne5 25. Qxe5 1-0

[Event "XIV Torneio Int. da Figueira da Foz"]
[Site "Figueira da Foz POR"]
[Date "2020.10.25"]
[Round "2.14"]
[White "Fonseca, Pedro"]
[Black "Guerreiro, Nuno"]
[Result "1-0"]
[WhiteElo "1590"]
[BlackElo "2079"]
[WhiteFideId "1955624"]
[BlackFideId "1903012"]
[WhiteCountry "POR"]
[BlackCountry "POR"]
[PlyCount "71"]

1. e4 Nc6 2. Nf3 Nf6 3. e5 Ng4 4. d4 d6 5. h3 Nh6 6. Nc3 a6 7. Bg5 dxe5 8. d5
Na7 9. Nxe5 Nf5 10. Bd3 g6 11. Bxf5 Bxf5 12. g4 Bc8 13. Qe2 Bg7 14. Bf4 O-O 15.
O-O-O Nb5 16. Nb1 Qd6 17. c4 Qf6 18. Qd2 g5 19. Bg3 Nd6 20. Nc3 c5 21. Rde1 b5
22. cxb5 axb5 23. h4 h6 24. hxg5 hxg5 25. Qd3 Re8 26. Re3 b4 27. Qh7+ Kf8 28.
Rf3 Qxf3 29. Nxf3 bxc3 30. Be5 f6 31. Bxc3 Rxa2 32. Kb1 Bxg4 33. Kxa2 Bxf3 34.
Re1 Bxd5+ 35. Kb1 e5 36. Qd3 1-0

[Event "XIV Torneio Int. da Figueira da Foz"]
[Site "Figueira da Foz POR"]
[Date "2020.10.25"]
[Round "2.15"]
[White "Varela La Madrid, Tilsia"]
[Black "Fernandes, Rui MFM"]
[Result "1-0"]
[WhiteElo "2060"]
[BlackElo "1027"]
[WhiteFideId "3903001"]
[BlackFideId "1963244"]
[WhiteTitle "WIM"]
[WhiteCountry "VEN"]
[BlackCountry "POR"]
[PlyCount "63"]

1. e4 c6 2. d4 d5 3. Nc3 dxe4 4. Nxe4 Bf5 5. Ng3 Bg6 6. h4 h6 7. h5 Bh7 8. Nf3
e6 9. Bd3 Bxd3 10. Qxd3 Nd7 11. Bf4 Ngf6 12. O-O-O Nd5 13. Bd2 Bd6 14. Ne4 N7f6
15. g3 Nxe4 16. Qxe4 Qf6 17. c4 Nc7 18. c5 Be7 19. Bf4 Bd8 20. Be5 Qf5 21. Qxf5
exf5 22. Bxg7 Rg8 23. Bxh6 f6 24. Bf4 Ne6 25. Bd6 Nc7 26. Nh4 Ne6 27. Nxf5 Kf7
28. h6 b5 29. a3 Rc8 30. Rde1 Bc7 31. h7 Rh8 32. Nh6+ 1-0

[Event "XIV Torneio Int. da Figueira da Foz"]
[Site "Figueira da Foz POR"]
[Date "2020.10.25"]
[Round "2.16"]
[White "Silva, José Lucas"]
[Black "Silva, Pedro Gil"]
[Result "0-1"]
[WhiteElo "1336"]
[BlackElo "2034"]
[WhiteFideId "1954342"]
[BlackFideId "1946102"]
[WhiteCountry "POR"]
[BlackCountry "POR"]
[PlyCount "94"]

1. e4 c6 2. Nf3 g6 3. d4 d5 4. Bd3 dxe4 5. Bxe4 Nf6 6. Bd3 Bg7 7. c3 O-O 8. O-O
Nbd7 9. Be3 Qc7 10. Nbd2 c5 11. Nc4 b6 12. Nce5 Bb7 13. Bf4 Qc8 14. Bc4 cxd4 15.
Bxf7+ Rxf7 16. Nxf7 Kxf7 17. cxd4 Bxf3 18. Qxf3 Qd8 19. g4 Nf8 20. g5 Qd5 21.
Qe3 Nh5 22. Rfe1 Ne6 23. Be5 Bxe5 24. Qxe5 Qxe5 25. Rxe5 Nxd4 26. Kg2 Rc8 27.
Rae1 Nf5 28. R1e2 Nf4+ 29. Kf3 Nxe2 30. Rxe2 Nd4+ 31. Ke3 Nxe2 32. Kxe2 Rc2+ 33.
Kf3 Rxb2 34. h4 Rxa2 35. Kg4 Rxf2 36. h5 a5 37. hxg6+ hxg6 38. Kg3 Rf5 39. Kh4
a4 40. Kh3 a3 41. Kh2 a2 42. Kg3 a1=Q 43. Kh4 Qe1+ 44. Kg4 Qe4+ 45. Kg3 Rf3+ 46.
Kg2 Qe2+ 47. Kg1 Rf1# 0-1

[Event "XIV Torneio Int. da Figueira da Foz"]
[Site "Figueira da Foz POR"]
[Date "2020.10.25"]
[Round "3.1"]
[White "Batsiashvili, Nino"]
[Black "Dias, Paulo"]
[Result "1/2-1/2"]
[WhiteElo "2467"]
[BlackElo "2338"]
[WhiteFideId "13602993"]
[BlackFideId "1900803"]
[WhiteTitle "GM"]
[BlackTitle "IM"]
[WhiteCountry "GEO"]
[BlackCountry "POR"]
[PlyCount "62"]

1. d4 Nf6 2. c4 e6 3. Nc3 Bb4 4. e3 d5 5. Nf3 b6 6. cxd5 exd5 7. Bd3 O-O 8. Bd2
Bb7 9. O-O Nbd7 10. Rc1 c5 11. a3 Bxc3 12. Bxc3 Ne4 13. dxc5 Ndxc5 14. Be2 Rc8
15. Bd4 Qe7 16. b4 Ne6 17. Qd3 h6 18. Bb2 Nd6 19. Nd4 Rc4 20. Rcd1 Nxd4 21. Bxd4
Rfc8 22. Qb1 R4c7 23. Qa1 f6 24. Bd3 Bc6 25. Qa2 Qf7 26. a4 Bd7 27. a5 Nc4 28.
axb6 axb6 29. Bb1 Bg4 30. f3 Be6 31. Qc2 Kf8 1/2-1/2

[Event "XIV Torneio Int. da Figueira da Foz"]
[Site "Figueira da Foz POR"]
[Date "2020.10.25"]
[Round "3.2"]
[White "Taboas Rodriguez, Daniel"]
[Black "Cumming, Rhys"]
[Result "0-1"]
[WhiteElo "2365"]
[BlackElo "2299"]
[WhiteFideId "2208466"]
[BlackFideId "470163"]
[WhiteTitle "FM"]
[BlackTitle "FM"]
[WhiteCountry "ESP"]
[BlackCountry "ENG"]
[PlyCount "131"]

1. Nf3 Nf6 2. c4 g6 3. Nc3 Bg7 4. e4 e5 5. g3 O-O 6. Bg2 c6 7. O-O d5 8. d3 dxe4
9. dxe4 Qc7 10. h3 Na6 11. Be3 Bd7 12. Qe2 Rad8 13. Rad1 Bc8 14. a3 Nd7 15. b4
Rfe8 16. Bg5 f6 17. Be3 Nf8 18. c5 Qf7 19. Rxd8 Rxd8 20. Rd1 Rxd1+ 21. Qxd1 Be6
22. Bf1 Qd7 23. Qxd7 Nxd7 24. Nd2 f5 25. Nc4 f4 26. Bd2 Nab8 27. h4 b6 28. cxb6
axb6 29. Bd3 h6 30. Kf1 g5 31. hxg5 hxg5 32. Ke2 Bf8 33. Nb1 b5 34. Na5 Kg7 35.
Bc3 Kf6 36. Nd2 Bg4+ 37. f3 Be6 38. g4 Bd6 39. Kd1 Bc7 40. Ndb3 Bb6 41. Kc2 Ke7
42. Nb7 Bg8 43. N3a5 Bf7 44. Kb2 Bc7 45. Bc2 Nb6 46. Bb3 Bxb3 47. Kxb3 Na4 48.
Kc2 Nxc3 49. Kxc3 Bb6 50. Kb3 Kd7 51. a4 Na6 52. Ka3 Kc7 53. Kb3 Bf2 54. Ka3 Be1
55. Nxc6 Kxc6 56. Nd8+ Kb6 57. Nf7 Bxb4+ 58. Kb3 bxa4+ 59. Kxa4 Be7 60. Kb3 Bf6
61. Kc4 Kc6 62. Nh6 Nc7 63. Ng8 Bd8 64. Nh6 Ne6 65. Nf5 Bf6 66. Kd4 0-1

[Event "XIV Torneio Int. da Figueira da Foz"]
[Site "Figueira da Foz POR"]
[Date "2020.10.25"]
[Round "3.3"]
[White "Garcia Dorado, Alberto"]
[Black "Djuric, Stefan"]
[Result "1/2-1/2"]
[WhiteElo "2181"]
[BlackElo "2358"]
[WhiteFideId "2252244"]
[BlackFideId "900133"]
[WhiteTitle "CM"]
[BlackTitle "GM"]
[WhiteCountry "ESP"]
[BlackCountry "SRB"]
[PlyCount "39"]

1. d4 Nf6 2. c4 c5 3. d5 d6 4. Nc3 g6 5. f3 Bg7 6. e4 O-O 7. Nge2 e6 8. Be3 exd5
9. cxd5 Bd7 10. Ng3 Na6 11. Be2 b5 12. Qd2 b4 13. Nd1 Nc7 14. O-O Qe7 15. Bh6
Nb5 16. Bxg7 Kxg7 17. Bxb5 Bxb5 18. Re1 Qe5 19. Nf2 h5 20. f4 1/2-1/2

[Event "XIV Torneio Int. da Figueira da Foz"]
[Site "Figueira da Foz POR"]
[Date "2020.10.25"]
[Round "3.4"]
[White "Santos, José Gulherme"]
[Black "Pintor, Simão"]
[Result "1-0"]
[WhiteElo "2229"]
[BlackElo "2115"]
[WhiteFideId "1939300"]
[BlackFideId "1904787"]
[WhiteCountry "POR"]
[BlackCountry "POR"]
[PlyCount "59"]

1. c4 e6 2. Nf3 d5 3. d4 c5 4. e3 Nc6 5. Nc3 a6 6. cxd5 exd5 7. Be2 Nf6 8. O-O
Bd6 9. b3 O-O 10. Bb2 Bf5 11. Rc1 cxd4 12. Nxd4 Bd7 13. Bf3 Qe7 14. g3 Nxd4 15.
Qxd4 Bc6 16. Nxd5 Bxd5 17. Bxd5 Rad8 18. e4 Rfe8 19. Rfe1 Bb4 20. Red1 Ba3 21.
Bxa3 Qxa3 22. Rc7 Nxd5 23. exd5 Rd6 24. Rd2 h6 25. Kg2 Qa5 26. Rxb7 Red8 27. Qe3
Rxd5 28. b4 Qa4 29. Rxd5 Rxd5 30. Rb8+ 1-0

[Event "XIV Torneio Int. da Figueira da Foz"]
[Site "Figueira da Foz POR"]
[Date "2020.10.25"]
[Round "3.5"]
[White "Fernandes, Miguel"]
[Black "Janik, Igor"]
[Result "0-1"]
[WhiteElo "2139"]
[BlackElo "2489"]
[WhiteFideId "1920456"]
[BlackFideId "1159259"]
[BlackTitle "IM"]
[WhiteCountry "POR"]
[BlackCountry "POL"]
[PlyCount "84"]

1. d4 d5 2. c4 dxc4 3. e4 Nf6 4. e5 Nd5 5. Bxc4 Nb6 6. Bb3 Nc6 7. Nf3 Bf5 8. O-O
e6 9. Nc3 Nb4 10. Be3 Be7 11. a3 N4d5 12. Qe2 O-O 13. Nd2 c5 14. dxc5 Nxc3 15.
bxc3 Bd3 16. Qg4 Nd7 17. Rfd1 Bf5 18. Qg3 Qc7 19. Nc4 Nxc5 20. Bxc5 Bxc5 21. Nd6
Bg6 22. Ba2 Rad8 23. Bb1 Rd7 24. Bxg6 hxg6 25. Rd3 Rfd8 26. Rad1 Bxa3 27. h4 Qc6
28. h5 Bxd6 29. exd6 gxh5 30. Qe5 b6 31. Rg3 g6 32. Qxh5 Rxd6 33. Re1 Qe8 34.
Ree3 Qf8 35. Qg4 Qg7 36. f4 Qf6 37. Ref3 Kg7 38. f5 Rd1+ 39. Kh2 exf5 40. Rxf5
Rh8+ 41. Rh5 Rxh5+ 42. Qxh5 Qd6 0-1

[Event "XIV Torneio Int. da Figueira da Foz"]
[Site "Figueira da Foz POR"]
[Date "2020.10.25"]
[Round "3.6"]
[White "Martín Duque, Jesus"]
[Black "Stella, Andrea"]
[Result "1-0"]
[WhiteElo "2426"]
[BlackElo "2457"]
[WhiteFideId "2208954"]
[BlackFideId "827061"]
[WhiteTitle "IM"]
[BlackTitle "GM"]
[WhiteCountry "ESP"]
[BlackCountry "ITA"]
[PlyCount "60"]

1. e4 c5 2. Nf3 e6 3. d4 cxd4 4. Nxd4 Nf6 5. Nc3 Nc6 6. Nxc6 bxc6 7. e5 Nd5 8.
Ne4 Qc7 9. f4 Qb6 10. c4 Bb4+ 11. Ke2 f5 12. exf6 Nxf6 13. Be3 Qd8 14. Nd6+ Bxd6
15. Qxd6 Bb7 16. Rd1 Rc8 17. g4 c5 18. Rg1 Rf8 19. g5 Ne4 20. Qe5 Qe7 21. Bh3 g6
22. Rd3 Kf7 23. Rgd1 Rcd8 24. Rd6 Nxd6 25. Rxd6 Kg8 26. Bxc5 Qg7 27. Qxg7+ Kxg7
28. Bd4+ Kf7 29. Bf6 Bc6 30. Bxe6+ Ke8 1-0

[Event "XIV Torneio Int. da Figueira da Foz"]
[Site "Figueira da Foz POR"]
[Date "2020.10.25"]
[Round "3.7"]
[White "Grigoryan, Karen H"]
[Black "Torres Dominguez, David"]
[Result "1-0"]
[WhiteElo "2658"]
[BlackElo "2029"]
[WhiteFideId "13301004"]
[BlackFideId "2220857"]
[WhiteTitle "GM"]
[WhiteCountry "ARM"]
[BlackCountry "ESP"]
[PlyCount "87"]

1. e4 e5 2. Nf3 Nc6 3. d4 exd4 4. Nxd4 Nf6 5. Nc3 Bb4 6. Nxc6 bxc6 7. Bd3 d5 8.
exd5 O-O 9. O-O cxd5 10. Qf3 Bg4 11. Qg3 Qd7 12. h3 Bf5 13. Qf3 Bxd3 14. cxd3
Bxc3 15. bxc3 Rfe8 16. Be3 Qc6 17. Bd4 Re6 18. Rfe1 Rae8 19. Rxe6 Rxe6 20. Rb1
Nd7 21. Bxa7 Qxc3 22. Qxd5 Re1+ 23. Rxe1 Qxe1+ 24. Kh2 Qe5+ 25. Qxe5 Nxe5 26. d4
Nd3 27. a4 Nb4 28. Bc5 Nd5 29. a5 f6 30. a6 c6 31. a7 Nc7 32. Kg3 Kf7 33. Bd6
Na8 34. Kf4 Ke6 35. Bf8 g6 36. h4 Kf7 37. Bc5 Ke6 38. Ke4 Nc7 39. Kd3 Kd5 40.
Kc3 Na8 41. Kb4 Ke6 42. Ka5 Kd7 43. Ka6 Kc7 44. Be7 1-0

[Event "XIV Torneio Int. da Figueira da Foz"]
[Site "Figueira da Foz POR"]
[Date "2020.10.25"]
[Round "3.8"]
[White "Löffner, Stefan"]
[Black "Silva, Mariana"]
[Result "1-0"]
[WhiteElo "2352"]
[BlackElo "1885"]
[WhiteFideId "4603257"]
[BlackFideId "1911899"]
[WhiteTitle "IM"]
[BlackTitle "WCM"]
[WhiteCountry "GER"]
[BlackCountry "POR"]
[PlyCount "45"]

1. d4 Nf6 2. Bg5 Ne4 3. Bf4 d5 4. e3 c5 5. Bd3 cxd4 6. exd4 Qb6 7. Nc3 Nc6 8.
Nf3 Bg4 9. O-O Nxc3 10. bxc3 Qd8 11. Qb1 Qc8 12. Ne5 Nxe5 13. Bxe5 Bd7 14. Qb3
e6 15. c4 dxc4 16. Bxc4 a6 17. a4 h5 18. Rae1 Qc6 19. d5 Qxa4 20. Qxb7 Rc8 21.
dxe6 fxe6 22. Bxe6 Kd8 23. Bxd7 1-0

[Event "XIV Torneio Int. da Figueira da Foz"]
[Site "Figueira da Foz POR"]
[Date "2020.10.25"]
[Round "3.9"]
[White "Antolak, Julia"]
[Black "Navarro Martínez, Victor"]
[Result "1-0"]
[WhiteElo "2313"]
[BlackElo "1732"]
[WhiteFideId "1159569"]
[BlackFideId "54509963"]
[WhiteTitle "WIM"]
[WhiteCountry "POL"]
[BlackCountry "ESP"]
[PlyCount "59"]

1. e4 c5 2. Nf3 Nc6 3. d4 cxd4 4. Nxd4 g6 5. Nc3 Bg7 6. Be3 Nf6 7. Bc4 O-O 8.
Bb3 Re8 9. f3 e6 10. f4 Nd5 11. exd5 exd5 12. O-O Rxe3 13. Ndb5 Qa5 14. Qxd5 Re6
15. Qd3 Nb4 16. Qd2 d5 17. a3 Nc6 18. Bxd5 Bxc3 19. Nxc3 Qc5+ 20. Kh1 Re8 21.
Ne4 Qe7 22. Qc3 Qxe4 23. Bxe4 Rxe4 24. Rae1 Bf5 25. Rxe4 Bxe4 26. Re1 Bf5 27.
Qb3 Rd8 28. Qxb7 Be4 29. h3 Re8 30. Rxe4 1-0

[Event "XIV Torneio Int. da Figueira da Foz"]
[Site "Figueira da Foz POR"]
[Date "2020.10.25"]
[Round "3.10"]
[White "Silva, Pedro Gil"]
[Black "Margarido, José"]
[Result "1/2-1/2"]
[WhiteElo "2034"]
[BlackElo "2138"]
[WhiteFideId "1946102"]
[BlackFideId "1914227"]
[WhiteCountry "POR"]
[BlackCountry "POR"]
[PlyCount "94"]

1. e4 e5 2. Nf3 Nc6 3. Nc3 Nf6 4. Bb5 Nd4 5. Bc4 Bc5 6. O-O d6 7. Nxd4 Bxd4 8.
d3 Be6 9. Bb3 Qe7 10. Ne2 Bb6 11. c3 h6 12. Ng3 O-O 13. h3 Kh7 14. Bc2 g6 15. d4
g5 16. Be3 Ne8 17. Qd2 Ng7 18. Nf5 Bxf5 19. exf5 f6 20. Rae1 Qf7 21. Bb3 Qh5 22.
Kh2 Rad8 23. g4 Qe8 24. f4 exf4 25. Bxf4 Qd7 26. Bg3 d5 27. h4 c6 28. hxg5 hxg5
29. Kg2 Bc7 30. Qd3 Rde8 31. c4 Bxg3 32. Qxg3 Rxe1 33. Rxe1 Re8 34. cxd5 cxd5
35. Rh1+ Kg8 36. Qf3 Rd8 37. Rc1 b6 38. Re1 Qd6 39. Rh1 Kf7 40. Rh7 Kg8 41. Qh3
Re8 42. Rh8+ Kf7 43. Rxe8 Nxe8 44. Qh5+ Kf8 45. Qh6+ Kf7 46. Qh5+ Kf8 47. Qh6+
Kf7 1/2-1/2

[Event "XIV Torneio Int. da Figueira da Foz"]
[Site "Figueira da Foz POR"]
[Date "2020.10.25"]
[Round "3.11"]
[White "Tadevosyan, Aspet"]
[Black "Soares, Sara"]
[Result "1-0"]
[WhiteElo "2136"]
[BlackElo "1654"]
[WhiteFideId "24526134"]
[BlackFideId "1948172"]
[WhiteCountry "ESP"]
[BlackCountry "POR"]
[PlyCount "74"]

1. e4 c5 2. Nf3 Nc6 3. Bb5 g6 4. Bxc6 bxc6 5. O-O Bg7 6. Re1 Nf6 7. e5 Nd5 8. c4
Nc7 9. b3 O-O 10. Bb2 Ne6 11. Nc3 d6 12. Ne4 Bb7 13. Qc2 Rc8 14. exd6 exd6 15.
Bxg7 Nxg7 16. Qc3 f5 17. Neg5 Qd7 18. Re2 Rce8 19. Rxe8 Rxe8 20. h4 Bc8 21. Rd1
Ne6 22. Nxe6 Qxe6 23. h5 Qf7 24. d4 Qg7 25. Qd2 cxd4 26. Nxd4 Bb7 27. hxg6 hxg6
28. Nf3 d5 29. c5 Qc7 30. g3 Qf7 31. Kg2 Ba6 32. Nd4 Bb7 33. Rh1 Qg7 34. Qf4 Qf7
35. Qd6 Rc8 36. Ne6 Qf6 37. Qd7 Rf8 1-0

[Event "XIV Torneio Int. da Figueira da Foz"]
[Site "Figueira da Foz POR"]
[Date "2020.10.25"]
[Round "3.12"]
[White "Santos, António P"]
[Black "Fonseca, Pedro"]
[Result "1-0"]
[WhiteElo "2123"]
[BlackElo "1590"]
[WhiteFideId "1900161"]
[BlackFideId "1955624"]
[WhiteTitle "FM"]
[WhiteCountry "POR"]
[BlackCountry "POR"]
[PlyCount "107"]

1. d4 Nf6 2. c4 e6 3. g3 d5 4. Bg2 Be7 5. Nf3 O-O 6. O-O dxc4 7. Qc2 a6 8. Qxc4
b5 9. Qc2 Bb7 10. Bd2 Nbd7 11. Ba5 Rc8 12. Nbd2 Qe8 13. b4 Nd5 14. a3 Bd8 15. e4
Ne7 16. Nb3 e5 17. Nxe5 Nxe5 18. dxe5 Nc6 19. f4 Nxa5 20. Nxa5 Ba8 21. Nb3 a5
22. Rfd1 axb4 23. axb4 Be7 24. Nc5 Qc6 25. Rd5 Qb6 26. Rd7 Rfe8 27. h4 Bc6 28.
Rdd1 Rcd8 29. Kh2 Bxc5 30. Qxc5 Qxc5 31. bxc5 Kf8 32. Rd5 Ra8 33. Rad1 Ra2 34.
Kh3 Rc2 35. R1d2 Rc4 36. R5d4 Rxc5 37. h5 f6 38. exf6 Rxh5+ 39. Kg4 Rh6 40.
fxg7+ Kxg7 41. f5 Rf6 42. Kf4 Rf7 43. g4 Bb7 44. Rb4 Ba6 45. Rc2 Rd7 46. e5 Rd2
47. f6+ Kf8 48. Be4 h6 49. e6 Red8 50. Bf5 Bc8 51. Re4 R2d6 52. Rxc7 Bxe6 53.
Bxe6 Rxe6 54. Rxe6 1-0

[Event "XIV Torneio Int. da Figueira da Foz"]
[Site "Figueira da Foz POR"]
[Date "2020.10.25"]
[Round "3.13"]
[White "Pipiras, Filipa"]
[Black "Röttgen, Jürgen"]
[Result "1/2-1/2"]
[WhiteElo "1912"]
[BlackElo "2099"]
[WhiteFideId "1944894"]
[BlackFideId "4629868"]
[WhiteCountry "POR"]
[BlackCountry "GER"]
[PlyCount "38"]

1. d4 d5 2. c4 c6 3. cxd5 cxd5 4. Bg5 h6 5. Bh4 Nc6 6. Nc3 Qa5 7. e3 e6 8. Bd3
Bd6 9. a3 a6 10. b4 Qb6 11. Nf3 Nge7 12. Bg3 Bxg3 13. hxg3 Qc7 14. Rc1 Bd7 15.
g4 e5 16. dxe5 Bxg4 17. Be2 Bxf3 18. Bxf3 Qxe5 19. O-O Rd8 1/2-1/2

[Event "XIV Torneio Int. da Figueira da Foz"]
[Site "Figueira da Foz POR"]
[Date "2020.10.25"]
[Round "3.14"]
[White "Movsisyan, Tigran"]
[Black "Fernandes, João Pedro"]
[Result "1-0"]
[WhiteElo "1730"]
[BlackElo "2084"]
[WhiteFideId "24581364"]
[BlackFideId "1926624"]
[WhiteCountry "ESP"]
[BlackCountry "POR"]
[PlyCount "79"]

1. e4 c5 2. Nc3 Nc6 3. Bb5 e6 4. Bxc6 bxc6 5. d3 d6 6. Nge2 Nf6 7. O-O e5 8. f4
exf4 9. Bxf4 Be7 10. e5 dxe5 11. Bxe5 O-O 12. Qe1 Ng4 13. Bf4 c4 14. dxc4 Qb6+
15. Kh1 Qxb2 16. Nd4 Bf6 17. Rb1 Qa3 18. Nb3 Qe7 19. Qg3 Bh4 20. Qf3 Ne5 21. Qe4
Ng6 22. Qxc6 Nxf4 23. Rxf4 Qg5 24. Rxh4 Qxh4 25. Qxa8 Re8 26. Rf1 Qxc4 27. Qf3
Bg4 28. Qd3 Rc8 29. Nd5 Qxc2 30. Ne7+ Kf8 31. Qd6 Re8 32. Re1 Be6 33. Nd5+ Kg8
34. Nc7 Qf2 35. Qb4 Rc8 36. Nxe6 fxe6 37. Qe4 Re8 38. a4 Qa2 39. Nc5 e5 40. h3
1-0

[Event "XIV Torneio Int. da Figueira da Foz"]
[Site "Figueira da Foz POR"]
[Date "2020.10.25"]
[Round "3.17"]
[White "Guerreiro, Nuno"]
[Black "Morais, Mario M F"]
[Result "1/2-1/2"]
[WhiteElo "2079"]
[BlackElo "1808"]
[WhiteFideId "1903012"]
[BlackFideId "1959506"]
[WhiteCountry "POR"]
[BlackCountry "POR"]
[PlyCount "87"]

1. Nf3 g6 2. c4 Bg7 3. g3 c6 4. Bg2 d5 5. Qc2 Nf6 6. O-O O-O 7. d3 b6 8. Nbd2
Bb7 9. Rb1 Na6 10. b4 Rc8 11. Qa4 dxc4 12. dxc4 Qc7 13. Bb2 Nd7 14. Bxg7 Kxg7
15. Rfd1 Ra8 16. Ne4 Rfd8 17. Qc2 f6 18. Nd4 Nf8 19. b5 cxb5 20. Nxb5 Rxd1+ 21.
Rxd1 Qe5 22. f4 Qf5 23. Nd4 Qc8 24. Qc3 Nc5 25. Qa3 Kf7 26. Nxc5 Bxg2 27. Kxg2
bxc5 28. Nb3 Qe6 29. Kf2 Qxc4 30. Nxc5 Rc8 31. Nb3 a6 32. Rc1 Qe6 33. Rxc8 Qxc8
34. Nc5 Qc6 35. Nxa6 Qh1 36. h4 Qh2+ 37. Ke1 Qg1+ 38. Kd2 Qd4+ 39. Kc2 Qc4+ 40.
Kd2 Qd4+ 41. Qd3 Qb2+ 42. Qc2 Qd4+ 43. Kc1 Qa1+ 44. Kd2 1/2-1/2

[Event "XIV Torneio Int. da Figueira da Foz"]
[Site "Figueira da Foz POR"]
[Date "2020.10.26"]
[Round "4.1"]
[White "Cumming, Rhys"]
[Black "Batsiashvili, Nino"]
[Result "0-1"]
[WhiteElo "2299"]
[BlackElo "2467"]
[WhiteFideId "470163"]
[BlackFideId "13602993"]
[WhiteTitle "FM"]
[BlackTitle "GM"]
[WhiteCountry "ENG"]
[BlackCountry "GEO"]
[PlyCount "74"]

1. e4 e5 2. Nf3 Nc6 3. Nc3 Nf6 4. Bb5 Nd4 5. Bc4 d6 6. d3 Bg4 7. Be3 Nxf3+ 8.
gxf3 Be6 9. Bxe6 fxe6 10. f4 exf4 11. Bxf4 e5 12. Bg5 Be7 13. Rg1 c6 14. Qe2 b5
15. Nd1 g6 16. Bh6 Nh5 17. Qg4 Qd7 18. Ne3 Bf8 19. Bg5 h6 20. Qxd7+ Kxd7 21. Bh4
Nf4 22. a4 b4 23. Bg3 Nh3 24. Rf1 h5 25. Ng2 Be7 26. f3 Rhf8 27. Ke2 Rf7 28. f4
h4 29. Bxh4 Bxh4 30. Nxh4 Nxf4+ 31. Kd2 Rh8 32. Nf3 Rh3 33. Rae1 Ke8 34. Re3 Ne6
35. c3 g5 36. Ke2 g4 37. Nd2 Nf4+ 0-1

[Event "XIV Torneio Int. da Figueira da Foz"]
[Site "Figueira da Foz POR"]
[Date "2020.10.26"]
[Round "4.2"]
[White "Janik, Igor"]
[Black "Garcia Dorado, Alberto"]
[Result "1-0"]
[WhiteElo "2489"]
[BlackElo "2181"]
[WhiteFideId "1159259"]
[BlackFideId "2252244"]
[WhiteTitle "IM"]
[BlackTitle "CM"]
[WhiteCountry "POL"]
[BlackCountry "ESP"]
[PlyCount "84"]

1. c4 e6 2. Nf3 d5 3. g3 dxc4 4. Qa4+ Nd7 5. Qxc4 a6 6. Bg2 b5 7. Qc2 Bb7 8. O-O
c5 9. b3 Ngf6 10. Bb2 Rc8 11. d3 Bd6 12. a4 O-O 13. Nbd2 Nd5 14. Rfc1 Re8 15.
Qd1 Be7 16. e4 Nb4 17. Qe2 Qb6 18. h4 Qd6 19. Ne1 e5 20. Bh3 Rcd8 21. Nf1 Nb8
22. Ne3 Bf6 23. Nf5 Qb6 24. Qe3 Nd7 25. axb5 axb5 26. Ba3 Na6 27. Rc2 h5 28. Qf3
g6 29. Ne3 Bg7 30. Rac1 f5 31. Qe2 fxe4 32. dxe4 Bxe4 33. Nc4 Qb7 34. Na5 Qa8
35. Rd2 Nf6 36. Rxd8 Rxd8 37. Qxb5 Bh6 38. Ra1 Rb8 39. Qc4+ Kg7 40. Bb2 Bd5 41.
Qe2 Nb4 42. Qxe5 Rf8 1-0